LEADER 01833nam2 22003011i 450 001 RML0278848 005 20231121125729.0 100 $a20121121d1996 ||||0itac50 ba 101 | $alat 102 $abe 181 1$6z01$ai $bxxxe 182 1$6z01$an 200 1 $a˜150: œB. Lanfranci Cantuariensis archiepiscopi opera omnia ... accedunt Raynaldi Remensis ... scripta vel scriptorum fragmenta quae extant 210 $aTurnhout $cBrepols $d1996 215 $a1688 col.$d29 cm 300 $aIn testa al front.: Saeculum 11.. -Rist. anast. dell'ed.: Migne : Parisiis, 1854 461 1$1001PUV0698208$12001 $aPatrologiae cursus completus, seu bibliotheca universalis, integra, uniformis, commoda, oeconomica, omnium SS. Patrum, doctorum scriptorumque ecclesiasticorum, sive latinorum, qui ab aevo apostolico ad tempora Innocentii 3. (anno 1216) pro Latinis et Concilii Florentini (ann. 1439) pro Graecis floruerunt: Recusio chronologica [...]. Series latina, in qua prodeunt patres, doctores scriptoresque ecclesiae latinae a Tertulliano ad Innocentim 3.$faccurante J. P. Migne 700 1$aLanfrancus$b, Cantuariensis$3RMLV179721$0190294 701 1$aDeusdedit$b, tituli s. Petri in Vinculis$c $3RMLV179719$01444809 701 1$aRainaldus$b, Remensis$3RMLV179720$01444810 801 3$aIT$bIT-01$c20121121 850 $aIT-FR0017 899 $aBiblioteca umanistica Giorgio Aprea$bFR0017 912 $aRML0278848 950 2$aBiblioteca umanistica Giorgio Aprea$d 52CIS P.L.150$e 52VM 0000486695 VM barcode:00028449. - Inventario:17826 FLSVM$fB $h20041012$i20121204 977 $a 52 996 $aB. Lanfranci Cantuariensis archiepiscopi opera omnia ... accedunt Raynaldi Remensis ... scripta vel scriptorum fragmenta quae extant$93626300 997 $aUNICAS